00238 a2200085 450000100060000008200170000610000330002324500530005626000430010963295 a010.5491 NLP aNational Library of Pakistan aThe Pakistan National Bibliography 1999hEnglish aPakistanbNational Library of Pakistan